The amazing mexican secret / (Record no. 4414)
[ view plain ]
| 000 -LEADER | |
|---|---|
| fixed length control field | 01057nam a22003017a 4500 |
| 001 - CONTROL NUMBER | |
| control field | 4414 |
| 003 - CONTROL NUMBER IDENTIFIER | |
| control field | FISKH |
| 005 - DATE AND TIME OF LATEST TRANSACTION | |
| control field | 20240905093844.0 |
| 008 - FIXED-LENGTH DATA ELEMENTS--GENERAL INFORMATION | |
| fixed length control field | 240821b cb ||||| |||| 00| 0 eng d |
| 020 ## - INTERNATIONAL STANDARD BOOK NUMBER | |
| International Standard Book Number | 9780545311939 |
| 040 ## - CATALOGING SOURCE | |
| Original cataloging agency | FISKH |
| Language of cataloging | eng |
| Transcribing agency | FISKH |
| Modifying agency | FISKH |
| 050 ## - LIBRARY OF CONGRESS CALL NUMBER | |
| Classification number | PZ7.G84568 |
| 082 ## - DEWEY DECIMAL CLASSIFICATION NUMBER | |
| Edition number | 813.6 |
| 100 ## - MAIN ENTRY--PERSONAL NAME | |
| Personal name | Greenhut, Josh |
| 245 ## - TITLE STATEMENT | |
| Title | The amazing mexican secret / |
| Statement of responsibility, etc. | Created by Jeff Brown; By Josh Greenhut; illustrated Macky Pamintuan |
| 250 ## - EDITION STATEMENT | |
| Edition statement | First Scholastic printing 2010 |
| 260 ## - PUBLICATION, DISTRIBUTION, ETC. | |
| Place of publication, distribution, etc. | New York : |
| Name of publisher, distributor, etc. | First Scholastic, |
| Date of publication, distribution, etc. | 2010. |
| 300 ## - PHYSICAL DESCRIPTION | |
| Extent | 89 pages : |
| Other physical details | illustrations ; |
| Dimensions | 20 cm |
| 501 ## - WITH NOTE | |
| With note | N<br/> |
| 520 ## - SUMMARY, ETC. | |
| Summary, etc. | Confident that Stanley can succeed where international spies and thieves have failed, Stanley's mom who loves to cook mails him to Mexico to get a secret herbal ingredient that she must have. |
| 521 8# - TARGET AUDIENCE NOTE | |
| Target audience note | 580L<br/><br/> |
| Source | Lexile<br/> |
| 521 8# - TARGET AUDIENCE NOTE | |
| Target audience note | N<br/> |
| Source | Raz-Plus<br/> |
| 600 ## - SUBJECT ADDED ENTRY--PERSONAL NAME | |
| Personal name | Mystery |
| Fuller form of name | Travel |
| Title of a work | Adventure |
| 600 ## - SUBJECT ADDED ENTRY--PERSONAL NAME | |
| Source of heading or term | Fantasy |
| Dates associated with a name | Novel |
| Title of a work | Funny |
| 700 ## - ADDED ENTRY--PERSONAL NAME | |
| Personal name | Pamintuan, Macky |
| Relator term | illustrator |
| 942 ## - ADDED ENTRY ELEMENTS (KOHA) | |
| Source of classification or shelving scheme | Dewey Decimal Classification |
| Koha item type | Books |
| Suppress in OPAC | No |
| Withdrawn status | Lost status | Source of classification or shelving scheme | Damaged status | Not for loan | Collection | Home library | Current library | Shelving location | Date acquired | Total Checkouts | Full call number | Barcode | Date last seen | Copy number | Price effective from | Koha item type |
|---|---|---|---|---|---|---|---|---|---|---|---|---|---|---|---|---|
| Dewey Decimal Classification | Fiction | Footprints International School Library Network Toul Kork Campus | Footprints International School Library Network Toul Kork Campus | A TK Campus, 4th Floor, Room B401, Fiction Bookcases (1-6) | 08/21/2024 | GRE 813.6 PZ7.G84568 | FISTK00467 | 08/21/2024 | 1 | 08/21/2024 | Books | |||||
| Dewey Decimal Classification | Fiction | Footprints International School Library Network Toul Kork Campus | Footprints International School Library Network Toul Kork Campus | TTP Primary Yellow Bookshelves | 12/05/2024 | GRE 813.6 PZ7.G84568 | 2024-2408 | 12/05/2024 | 2 | 12/05/2024 | Books |
